00421nam a2200157Ia 4500008004100000020001800041082001600059100001900075245005200094250000700146260003100153300001800184500001900202600002700221650001500248240925s9999 xx 000 0 und d a9780071632379 a620.104 NEL a Nelson, E. W. 0aSchaum's outlines engineering mechanics statics aNA aLondon:bMcGraw-Hillc2010 a288p.bNAfNA aIncludes Index aElectrical Engineering aTechnology